Zásady obchodního jednání v zahraničním obchodě

Uložené v:
Podrobná bibliografia
Hlavný autor: Nykryn, Jaroslav
Ďalší autori: Haas, Mikuláš, Svoboda, Gustav
Médium: Kniha
Jazyk:Czech
Vydavateľské údaje: Praha Československá obchodní a průmyslová komora 1986
Tagy: Pridať tag
Žiadne tagy, Buďte prvý, kto otaguje tento záznam!

MARC

LEADER 00000nam a2200000 4500
001 c040614
005 20250515083813.9
041 0 |a cze 
044 |a CZ 
245 1 0 |a Zásady obchodního jednání v zahraničním obchodě  |c Jaroslav Nykryn, Mikuláš Haas, Gustav Svoboda 
264 1 |a Praha  |b Československá obchodní a průmyslová komora  |c 1986 
300 |a 88 s. 
100 1 |a Nykryn, Jaroslav 
700 1 |a Haas, Mikuláš 
700 1 |a Svoboda, Gustav